| 000 | 01244nam a2200373Ia 4500 | ||
|---|---|---|---|
| 001 | dia_3774 | ||
| 003 | CHAP | ||
| 005 | 20240228180956.0 | ||
| 007 | ta | ||
| 008 | 220117s2006 mx d fr 001 0 spa d | ||
| 040 |
_cCHAP _amxchpua |
||
| 090 |
_aT.C.414 _bM45 SAI _c2006 |
||
| 245 | 1 | 0 |
_aSistema porcinos / _ccoordinador Amilcar Renan Mejenes Quijano ; colaboradores Adán Cervantes Castillo...[et al.] |
| 260 |
_aMéxico : _bEl autor, _c2006 |
||
| 300 |
_a59 hojas : _bgráficas, tablas |
||
| 336 |
_2rdacontent _atexto _btxt |
||
| 337 |
_2rdamedia _asin medio _bn |
||
| 338 |
_2rdacarrier _avolumen _bnc |
||
| 500 | _a6° año Grupo 2 | ||
| 502 |
_aViaje de Estudios _b(SAI) -- _cUACh. Departamento de Ingeniería Agroindustrial, _d2006 |
||
| 504 | _aIncluye bibliografías | ||
| 650 | 1 | 3 |
_aGanado porcino _945328 |
| 650 | 1 | 3 |
_aMonogastric cattle _9155314 |
| 650 | 1 | 3 |
_aSwine _9152253 |
| 700 | 1 |
_aMejenes Quijano, Amilcar Renán _9147387 _ecoordinador |
|
| 700 | 1 |
_aCervantes Castillo, Adán _921553 _ecolaborador |
|
| 901 | _aT.C.414 M45 SAI 2006 | ||
| 902 | _aM | ||
| 905 | _a5232272006 mx nm 8223123322spa16 | ||
| 942 | _2local | ||
| 942 | _cVE | ||
| 999 |
_c174366 _d174366 |
||